[Event "Wch U10 Girls rapid"]
[Site "Minsk"]
[Date "2018.06.22"]
[Round "1"]
[White "Dalatsenka, Volha"]
[Black "Shukhman, Anna"]
[Result "0-1"]
[WhiteElo "1128"]
[BlackElo "1454"]
[PlyCount "148"]
[EventDate "2018.06.22"]
[EventType "swiss (rapid)"]
[EventRounds "9"]
[EventCountry "BLR"]
[SourceTitle "EXT 2019"]
[Source "ChessBase"]
[SourceDate "2018.10.10"]
[SourceVersion "1"]
[SourceVersionDate "2018.10.10"]
[SourceQuality "1"]

1. d4 Nf6 2. c4 g6 3. Nc3 Bg7 4. e4 d6 5. Be2 0-0 6. Nf3 Bg4 7. 0-0 Nfd7 8. h3 Bxf3 9. Bxf3 Nc6 10. Be3 e5 11. d5 Ne7 12. Bg5 h6 13. Be3 f5 14. Qd2 f4 15. Bxf4 exf4 16. Bg4 Ne5 17. Be6+ Kh7 18. b3 c6 19. Rac1 f3 20. g3 h5 21. Nd1 Ng8 22. h4 Nf6 23. Ne3 Nxe4 24. Qc2 Nc5 25. Bh3 Bh6 26. Rcd1 Qf6 27. Qd2 Rad8 28. Qd4 Bxe3 29. Qxe3 cxd5 30. Rxd5 Rfe8 31. Qd4 Qe7 32. Rd1 Nc6 33. Qd2 Qe2 34. Qxe2 fxe2 35. Re1 Nb4 36. Rd2 Re5 37. Rdxe2 Rde8 38. Rxe5 Rxe5 39. Rxe5 dxe5 40. a3 Nc2 41. b4 Ne4 42. f3 Nd2 43. Bc8 b6 44. c5 bxc5 45. bxc5 Nxf3+ 46. Kf2 Nfd4 47. Bd7 Nxa3 48. c6 Nab5 49. Ke3 a5 50. Ke4 a4 51. c7 Nxc7 52. Bxa4 Ne2 53. Kxe5 Nxg3 54. Kd6 Nf5+ 55. Kxc7 Nxh4 56. Kd6 Nf5+ 57. Ke5 Kh6 58. Bc2 Ne3 59. Bd3 g5 60. Ke4 Ng4 61. Be2 Nf6+ 62. Kf3 g4+ 63. Kg3 Kg5 64. Kg2 h4 65. Kh2 Ne4 66. Kg2 h3+ 67. Kh2 Kh4 68. Bxg4 Kxg4 69. Kg1 Kg3 70. Kh1 Nf2+ 71. Kg1 h2+ 72. Kf1 h1Q+ 73. Ke2 Qd1+ 74. Ke3 Qd3# 0-1